The little gymnast / (Record no. 7912)
[ view plain ]
| 000 -LEADER | |
|---|---|
| fixed length control field | 00954nam a22002897a 4500 |
| 001 - CONTROL NUMBER | |
| control field | 7912 |
| 003 - CONTROL NUMBER IDENTIFIER | |
| control field | FISKH |
| 005 - DATE AND TIME OF LATEST TRANSACTION | |
| control field | 20250813124721.0 |
| 008 - FIXED-LENGTH DATA ELEMENTS--GENERAL INFORMATION | |
| fixed length control field | 250813b cb ||||| |||| 00| 0 eng d |
| 020 ## - INTERNATIONAL STANDARD BOOK NUMBER | |
| International Standard Book Number | 0216912849 |
| 040 ## - CATALOGING SOURCE | |
| Original cataloging agency | FISKH |
| Language of cataloging | eng |
| Transcribing agency | FISKH |
| Modifying agency | FISKH |
| 050 ## - LIBRARY OF CONGRESS CALL NUMBER | |
| Classification number | PZ7.H1263 L |
| 082 ## - DEWEY DECIMAL CLASSIFICATION NUMBER | |
| Classification number | 823 |
| 100 ## - MAIN ENTRY--PERSONAL NAME | |
| Personal name | Haigh, Sheila |
| 245 ## - TITLE STATEMENT | |
| Title | The little gymnast / |
| Statement of responsibility, etc. | By Sheila Haigh |
| 250 ## - EDITION STATEMENT | |
| Edition statement | This edition first published in 1982 |
| 260 ## - PUBLICATION, DISTRIBUTION, ETC. | |
| Place of publication, distribution, etc. | London : |
| Name of publisher, distributor, etc. | Blackie, |
| Date of publication, distribution, etc. | 1982 |
| 300 ## - PHYSICAL DESCRIPTION | |
| Extent | 102 pages : |
| Dimensions | 21 cm |
| 505 ## - FORMATTED CONTENTS NOTE | |
| Formatted contents note | T<br/> |
| 520 ## - SUMMARY, ETC. | |
| Summary, etc. | With a lot of work and determination, Anda becomes the best gymnast in her class but family money is tight and she must win the regional championship and the accompanying scholarship or give up gymnastics completely.<br/> |
| 521 8# - TARGET AUDIENCE NOTE | |
| Target audience note | 800<br/> |
| Source | Lexile<br/> |
| 521 8# - TARGET AUDIENCE NOTE | |
| Target audience note | T<br/> |
| Source | Raz-Plus<br/> |
| 650 ## - SUBJECT ADDED ENTRY--TOPICAL TERM | |
| Source of heading or term | Realistic fiction |
| Topical term or geographic name entry element | Sports |
| 650 ## - SUBJECT ADDED ENTRY--TOPICAL TERM | |
| Source of heading or term | Children's |
| Topical term or geographic name entry element | Read and Donated |
| 942 ## - ADDED ENTRY ELEMENTS (KOHA) | |
| Source of classification or shelving scheme | Dewey Decimal Classification |
| Koha item type | Books |
| Suppress in OPAC | No |
| Withdrawn status | Lost status | Source of classification or shelving scheme | Damaged status | Not for loan | Collection | Home library | Current library | Shelving location | Date acquired | Total Checkouts | Full call number | Barcode | Date last seen | Copy number | Price effective from | Koha item type |
|---|---|---|---|---|---|---|---|---|---|---|---|---|---|---|---|---|
| Dewey Decimal Classification | Fiction | Footprints International School Library Network Toul Tom Poung Campus | Footprints International School Library Network Toul Tom Poung Campus | TTP Secondary Fiction Bookshelves | 08/13/2025 | HAI 823 PZ7.H1263 L | FIS00708 | 08/13/2025 | 1 | 08/13/2025 | Books |
